Contribución al estudio de la litiasis urinaria en los niños / (Registro nro. 31948)
[ vista simple ]
| 000 -CABECERA | |
|---|---|
| campo de control de longitud fija | 00629nam a2200157 a 4500 |
| 001 - NÚMERO DE CONTROL | |
| campo de control | 000032457 |
| 005 - FECHA Y HORA DE LA ÚLTIMA TRANSACCIÓN | |
| campo de control | 20200930065642.0 |
| 008 - DATOS DE LONGITUD FIJA--INFORMACIÓN GENERAL | |
| campo de control de longitud fija | 110718s1912 dr 000 0 spa d |
| 040 ## - FUENTE DE LA CATALOGACIÓN | |
| Centro catalogador/agencia de origen | DO-SdBNP |
| Lengua de catalogación | spa |
| Centro/agencia transcriptor | BNPHU |
| 082 ## - NÚMERO DE LA CLASIFICACIÓN DECIMAL DEWEY | |
| Número de clasificación | xxx |
| Número de documento/Ítem | L991c |
| 100 1# - ENTRADA PRINCIPAL--NOMBRE DE PERSONA | |
| Nombre de persona | Lyon, Julio Ernesto |
| 9 (RLIN) | 58411 |
| 245 10 - MENCIÓN DE TÍTULO | |
| Título | Contribución al estudio de la litiasis urinaria en los niños / |
| Mención de responsabilidad, etc. | Julio Ernesto Lyon. |
| 260 ## - PUBLICACIÓN, DISTRIBUCIÓN, ETC. | |
| Lugar de publicación, distribución, etc. | Santo Domingo : |
| Nombre del editor, distribuidor, etc. | La Cuna de América, |
| Fecha de publicación, distribución, etc. | 1912. |
| 300 ## - DESCRIPCIÓN FÍSICA | |
| Extensión | 47 p. ; |
| Dimensiones | 24 cm. |
| 500 ## - NOTA GENERAL | |
| Nota general | Originalmente presentada como tesis para optar para la licenciatura en la facultad de medicina y cirugía en el Instituto Profesional de Santo Domingo. |
| Estado de retiro | Estado de pérdida | Restricciones de uso | No para préstamo | Código de colección | Localización permanente | Ubicación/localización actual | Ubicación en estantería | Fecha de adquisición | Número de inventario | Total de préstamos | Signatura topográfica completa | Código de barras | Fecha visto por última vez | Precio válido a partir de | Tipo de ítem Koha | Nota pública |
|---|---|---|---|---|---|---|---|---|---|---|---|---|---|---|---|---|
| Excluido de préstamo | Raros y valiosos | Patrimonio Dominicano | Patrimonio Dominicano | En catalogación | 18.07.2011 | LF1 | xxx L991c | 32457-10 | 25.06.2020 | 25.06.2020 | No se presta | Perteneció a la biblioteca personal de Carlos Larrazábal Blanco. |
